[Event "30.Schlosspark-Open"]
[Site "Wiesbaden-Biebrich"]
[Date "2018.08.24"]
[Round "2.58"]
[White "Maleski, Heinz"]
[Black "Bakiev, Diyor"]
[Result "0-1"]
[WhiteElo "1667"]
[BlackElo "1899"]
[PlyCount "50"]
[EventDate "2018.??.??"]
[WhiteTeam "SV Mainz-Mombach"]
[BlackTeam "SV Ffm-Griesheim"]

1. d4 Nf6 2. Nf3 d5 3. h3 e6 4. Bf4 c5 5. e3 Nc6 6. Be2 Be7 7. O-O O-O 8. Nbd2
Re8 9. Re1 cxd4 10. exd4 Bd6 11. Bxd6 Qxd6 12. c3 Ne7 13. Bb5 Bd7 14. Bxd7 Nxd7
15. c4 Rac8 16. c5 Qc7 17. b4 Ng6 18. Rc1 e5 19. dxe5 Ndxe5 20. Qb3 Nf4 21.
Nxe5 Rxe5 22. Qf3 Rce8 23. Rxe5 Qxe5 24. Kh1 Ne2 25. g3 Nxc1 0-1

[Event "30.Schlosspark-Open"]
[Site "Wiesbaden-Biebrich"]
[Date "2018.08.24"]
[Round "2.60"]
[White "Wachsmann, Elmar"]
[Black "Thomele, Michael"]
[Result "0-1"]
[WhiteElo "1654"]
[BlackElo "1886"]
[PlyCount "98"]
[EventDate "2018.??.??"]
[WhiteTeam "SC Gross-Umstadt"]
[BlackTeam "SC Obernau"]

1. d4 c5 2. e3 e6 3. Nf3 Nf6 4. c4 d5 5. Nc3 Nc6 6. a3 cxd4 7. exd4 dxc4 8.
Bxc4 Be7 9. O-O O-O 10. Re1 a6 11. Bb3 b5 12. Bg5 Bb7 13. Qd3 Nd5 14. Bc2 g6
15. Ne4 Kg7 16. Rad1 Na5 17. Bxe7 Nxe7 18. Nc5 Bd5 19. b3 Nf5 20. Ne5 h5 21. b4
Nc4 22. Nxc4 bxc4 23. Qd2 Nh4 24. Be4 Ra7 25. Qf4 Nf5 26. f3 Kh7 27. Bxd5 exd5
28. Re5 Re8 29. Rde1 Rxe5 30. Rxe5 a5 31. b5 a4 32. Qd2 Qb6 33. Rxd5 Qxb5 34.
Qc1 Nxd4 35. Rxd4 Qxc5 36. Qxc4 Qxa3 37. Rf4 Qe7 38. Re4 Qb7 39. Qd4 a3 40. Re8
Qb1+ 41. Kf2 Qb2+ 42. Qxb2 axb2 43. Rb8 Ra2 44. Ke3 Kg7 45. h4 Kf6 46. Rb5 Ke6
47. Kd3 f6 48. Rb3 Kf5 49. g3 Ra3 0-1

[Event "30.Schlosspark-Open"]
[Site "Wiesbaden-Biebrich"]
[Date "2018.08.24"]
[Round "2.61"]
[White "Boder, Jan"]
[Black "Ringeltaube, Denny"]
[Result "1-0"]
[WhiteElo "1842"]
[BlackElo "1718"]
[PlyCount "83"]
[EventDate "2018.??.??"]
[WhiteTeam "SG Moersdorf-Lahr"]
[BlackTeam "Klub Koelner SF"]

1. c4 Nf6 2. g3 g6 3. Bg2 Bg7 4. Nc3 d6 5. e4 O-O 6. Nge2 e5 7. O-O c6 8. d3
Nbd7 9. h3 Qb6 10. Rb1 a5 11. Be3 Qc7 12. Kh2 Nh5 13. g4 Nhf6 14. f4 exf4 15.
Bxf4 Ne5 16. Qd2 Be6 17. Kh1 Qd7 18. Nd4 Bxg4 19. hxg4 Qxg4 20. Nf3 Qh5+ 21.
Kg1 Nfg4 22. Nxe5 Nxe5 23. Ne2 Ng4 24. Rf3 Qc5+ 25. Be3 Qe5 26. Rh3 h5 27. Bd4
Qe7 28. Bxg7 Kxg7 29. Rf1 d5 30. Qc3+ Kg8 31. Nf4 Qg5 32. Nxh5 gxh5 33. Rf5 Qg6
34. Rfxh5 f6 35. exd5 Rae8 36. dxc6 bxc6 37. Qxa5 Ne3 38. Rh8+ Kg7 39. Qc7+ Rf7
40. R3h7+ Qxh7 41. Rxh7+ Kxh7 42. Qxf7+ 1-0

[Event "30.Schlosspark-Open"]
[Site "Wiesbaden-Biebrich"]
[Date "2018.08.24"]
[Round "2.62"]
[White "Werner, Tom"]
[Black "Ochs, Daniel Elias"]
[Result "1/2-1/2"]
[WhiteElo "1627"]
[BlackElo "1872"]
[PlyCount "47"]
[EventDate "2018.??.??"]
[WhiteTeam "VSG Offenbach"]
[BlackTeam "Wiesbadener SV"]

1. c4 e5 2. Nc3 Nf6 3. g3 Bc5 4. Bg2 Nc6 5. e3 d6 6. Nge2 a6 7. O-O O-O 8. a3
Bb6 9. d3 Re8 10. b4 Ne7 11. Bb2 c6 12. Qc2 Bc7 13. Rac1 d5 14. cxd5 Nexd5 15.
Nxd5 Nxd5 16. d4 Bg4 17. dxe5 Bxe5 18. Rfd1 Bxb2 19. Qxb2 Qg5 20. Bxd5 cxd5 21.
h4 Qf5 22. Rd4 Re4 23. Nf4 Rd8 24. Qd2 1/2-1/2

[Event "30.Schlosspark-Open"]
[Site "Wiesbaden-Biebrich"]
[Date "2018.08.24"]
[Round "2.63"]
[White "Held, Maurice"]
[Black "Haftmann, Rainer"]
[Result "1-0"]
[WhiteElo "1802"]
[BlackElo "1686"]
[PlyCount "101"]
[EventDate "2018.??.??"]
[WhiteTeam "SC Ladja Rossdorf"]
[BlackTeam "SG Dietzenbach"]

1. c4 Nf6 2. g3 e6 3. Bg2 d5 4. cxd5 exd5 5. d4 c6 6. Nf3 Bb4+ 7. Bd2 Bxd2+ 8.
Nbxd2 Bf5 9. O-O Nbd7 10. Rc1 O-O 11. Nb3 Re8 12. Nc5 Nxc5 13. dxc5 Nd7 14. Nd4
Bg6 15. Bh3 Nf6 16. f3 Re3 17. Qd2 Qe7 18. Rc3 Rxc3 19. Qxc3 Re8 20. Kf2 Nd7
21. Rc1 f5 22. e3 Qf7 23. Re1 Ne5 24. Bf1 Rf8 25. Ne2 Qc7 26. Nf4 Bf7 27. Nd3
Nxd3+ 28. Bxd3 Bg6 29. b4 a6 30. a4 Re8 31. Qb3 Qb8 32. b5 axb5 33. axb5 Bf7
34. bxc6 bxc6 35. Qb6 d4 36. Qxc6 dxe3+ 37. Kg2 f4 38. Qe4 Qb2+ 39. Re2 Qxe2+
40. Bxe2 Rxe4 41. fxe4 g5 42. c6 Kf8 43. c7 Be6 44. Ba6 Bg4 45. c8=Q+ Bxc8 46.
Bxc8 Ke7 47. Ba6 Kf6 48. Kf3 Ke5 49. gxf4+ gxf4 50. h4 h6 51. Bb5 1-0

[Event "30.Schlosspark-Open"]
[Site "Wiesbaden-Biebrich"]
[Date "2018.08.24"]
[Round "2.64"]
[White "Eg, Karlheinz"]
[Black "Knoedler, Marcel"]
[Result "1-0"]
[WhiteElo "1863"]
[BlackElo "1646"]
[PlyCount "103"]
[EventDate "2018.??.??"]
[WhiteTeam "SV Ruesselsheim"]
[BlackTeam "FC Bierstadt"]

1. e4 c6 2. d4 d5 3. exd5 cxd5 4. c4 Nf6 5. Nc3 e6 6. Nf3 a6 7. Be2 dxc4 8.
Bxc4 b5 9. Bb3 Bb7 10. a3 Be7 11. O-O Nd5 12. Ne5 Nxc3 13. bxc3 Bd5 14. c4 bxc4
15. Ba4+ Kf8 16. Qh5 g6 17. Bh6+ Kg8 18. Qg4 Bf8 19. Qf4 f5 20. Rab1 Bxh6 21.
Qxh6 Qf8 22. Qf4 Kg7 23. Rb6 Qxa3 24. Bc6 Bxc6 25. Nxc6 Nxc6 26. Rxc6 Rhe8 27.
Qe5+ Kf7 28. Re1 Ra7 29. d5 Rae7 30. dxe6+ Kg8 31. h4 Qa4 32. Rc7 c3 33. Qxc3
Qxh4 34. Rc6 Qh6 35. Rxa6 Qg7 36. Qc4 Qf6 37. Rd6 Kg7 38. Qd5 Qc3 39. Qd1 h5
40. Re3 Qf6 41. Rd7 Kf8 42. Qd6 Qa1+ 43. Kh2 Qf6 44. Rxe7 Rxe7 45. Kg1 g5 46.
Re5 f4 47. Qd5 Kg7 48. Rxg5+ Kh6 49. Rxh5+ Kg6 50. Re5 Ra7 51. Qe4+ Kg7 52. Qd4
1-0

[Event "30.Schlosspark-Open"]
[Site "Wiesbaden-Biebrich"]
[Date "2018.08.24"]
[Round "2.65"]
[White "Bursch, Alexander"]
[Black "Kuebart, Thore"]
[Result "1-0"]
[WhiteElo "1627"]
[BlackElo "1863"]
[PlyCount "59"]
[EventDate "2018.??.??"]
[WhiteTeam "SV Hennef"]
[BlackTeam "SK Radolfzell"]

1. b3 e5 2. e3 d5 3. Bb2 Bd6 4. f4 Qe7 5. Nf3 f6 6. fxe5 fxe5 7. Be2 Nf6 8. O-O
O-O 9. c4 c6 10. Nc3 a6 11. Qc1 e4 12. Ne1 Qe5 13. g3 Qg5 14. Ng2 Bh3 15. Rf2
Nbd7 16. Nf4 Bxf4 17. exf4 Qf5 18. cxd5 Ng4 19. Nxe4 cxd5 20. Bxg4 Bxg4 21. Nd6
Qh5 22. Qc2 Nf6 23. Qc7 b5 24. Re1 Qg6 25. f5 Qh6 26. Re7 Bh3 27. Bc3 Rad8 28.
Rf4 Rde8 29. Nxe8 Nxe8 30. Qe5 1-0

[Event "30.Schlosspark-Open"]
[Site "Wiesbaden-Biebrich"]
[Date "2018.08.24"]
[Round "2.66"]
[White "Ahrends, Norbert"]
[Black "Heinrich, Leon"]
[Result "1-0"]
[WhiteElo "1860"]
[BlackElo "1638"]
[PlyCount "107"]
[EventDate "2018.??.??"]
[WhiteTeam "SV Gross-Gerau"]
[BlackTeam "SW Nuernberg Sued"]

1. d4 d5 2. c4 dxc4 3. e3 Be6 4. Nc3 c6 5. a4 Nf6 6. Nf3 h6 7. Ne5 Nbd7 8. Nxc4
g6 9. Be2 Bg7 10. O-O O-O 11. b3 c5 12. Bb2 cxd4 13. exd4 Nd5 14. Nxd5 Bxd5 15.
Ne3 Nf6 16. Nxd5 Nxd5 17. Qd2 Qd7 18. Bb5 Qf5 19. Rac1 a6 20. Bc4 Rfd8 21. g3
Qd7 22. Qe2 e6 23. Rfd1 Qe7 24. Qf3 Rd7 25. Rc2 Rc8 26. Rcd2 Qb4 27. h4 Qb6 28.
h5 g5 29. Qe4 Ne7 30. g4 Qb4 31. Rd3 b5 32. Bc3 Qd6 33. axb5 axb5 34. Bxb5 Ra7
35. Bc4 Nd5 36. Bxd5 exd5 37. Qf3 Rb7 38. Ba5 Ra8 39. b4 Rab8 40. Rc1 Bf8 41.
Rc5 Qa6 42. Rxd5 Bxb4 43. Bxb4 Rxb4 44. Rd7 Qc4 45. Kg2 Qe6 46. Rd5 Rb1 47. Re3
Qa6 48. Qe2 Qc6 49. Qf3 Qc1 50. Kg3 Qc7+ 51. Rde5 Rd8 52. Kg2 Rxd4 53. Re7 Rd7
54. Qxf7+ 1-0

[Event "30.Schlosspark-Open"]
[Site "Wiesbaden-Biebrich"]
[Date "2018.08.24"]
[Round "2.67"]
[White "Jahraus, Marlis"]
[Black "Michalski, Uwe"]
[Result "0-1"]
[WhiteElo "1588"]
[BlackElo "1860"]
[PlyCount "78"]
[EventDate "2018.??.??"]
[WhiteTeam "SC Untergrombach"]
[BlackTeam "SF Mainz"]

1. e4 b6 2. d4 Bb7 3. Nc3 g6 4. Be3 Bg7 5. Qd2 h5 6. f3 e6 7. Nh3 Ne7 8. Bd3
Nbc6 9. a3 Nxd4 10. Bc4 Nec6 11. Bg5 Bf6 12. O-O-O Bxg5 13. Nxg5 Qf6 14. Nh3
Qe7 15. Nf4 Rg8 16. Nfe2 Nxe2+ 17. Qxe2 O-O-O 18. Ba6 f5 19. Kb1 d6 20. Bxb7+
Kxb7 21. Rhe1 f4 22. Rd2 e5 23. Nd5 Qf7 24. Red1 g5 25. Qc4 Rd7 26. Rd3 g4 27.
b4 gxf3 28. gxf3 Nd4 29. a4 Rg2 30. Rc3 c5 31. b5 Rxh2 32. a5 bxa5 33. Qa4 Kb8
34. Qxa5 Qf8 35. Kb2 Rb7 36. Ra1 Rxb5+ 37. Rb3 Rxc2+ 38. Ka3 Rxb3+ 39. Ka4 Qe8+
0-1

[Event "30.Schlosspark-Open"]
[Site "Wiesbaden-Biebrich"]
[Date "2018.08.24"]
[Round "2.68"]
[White "Seidel, Martin"]
[Black "Lorenz, Hermann"]
[Result "1-0"]
[WhiteElo "1860"]
[BlackElo "1640"]
[PlyCount "127"]
[EventDate "2018.??.??"]
[WhiteTeam "SV Hennef"]
[BlackTeam "SF Mainz"]

1. f4 d5 2. b3 Nf6 3. Nf3 g6 4. Bb2 Bg7 5. e3 O-O 6. Be2 c5 7. O-O Nc6 8. Ne5
d4 9. Nxc6 bxc6 10. Bf3 Qb6 11. c4 Bf5 12. Re1 Be4 13. Bxe4 Nxe4 14. exd4 Nf6
15. dxc5 Qxc5+ 16. d4 Qd6 17. g3 Rfe8 18. Nd2 Qc7 19. Nf3 Nd7 20. Qe2 e6 21.
Rad1 Qb7 22. Ne5 Nxe5 23. dxe5 a5 24. Rd3 a4 25. Red1 axb3 26. axb3 Bf8 27. Qf3
Ra2 28. Bd4 Rea8 29. R1d2 Ra1+ 30. Bxa1 Rxa1+ 31. Kg2 Bc5 32. Rd1 Ra2+ 33. R3d2
Ra3 34. Rd8+ Kg7 35. R8d3 Ra2+ 36. Kh3 h5 37. Rd7 Qb6 38. f5 Bg1 39. f6+ Kh6
40. R1d2 Qa5 41. Rxa2 Qxa2 42. Qg2 Qb1 43. Qd2+ g5 44. Kg2 Bc5 45. Qd1 Qe4+ 46.
Qf3 Qc2+ 47. Kf1 Qxh2 48. Qg2 Qxg2+ 49. Kxg2 Kg6 50. Kf3 Bb4 51. Ke4 c5 52. Rd1
h4 53. gxh4 gxh4 54. Kf4 Bc3 55. Rg1+ Kh7 56. Rg7+ Kh8 57. Rxf7 h3 58. Kg3
Bxe5+ 59. Kxh3 Kg8 60. Re7 Bxf6 61. Rxe6 Bc3 62. Re7 Kf8 63. Rb7 Kg8 64. Kg3
1-0

[Event "30.Schlosspark-Open"]
[Site "Wiesbaden-Biebrich"]
[Date "2018.08.24"]
[Round "2.69"]
[White "Herrmann, Gerhard"]
[Black "Zachary, Bastian"]
[Result "0-1"]
[WhiteElo "1575"]
[BlackElo "1860"]
[PlyCount "50"]
[EventDate "2018.??.??"]
[WhiteTeam "SC Koenigsspringer Alzenau"]
[BlackTeam "Mulhouse Philidor"]

1. e4 e5 2. Nf3 Nc6 3. Bb5 a6 4. Ba4 Nf6 5. O-O b5 6. Bb3 Bc5 7. c3 d6 8. d4
Bb6 9. Re1 Bg4 10. d5 Ne7 11. h3 Bd7 12. Bc2 Ng6 13. Be3 O-O 14. Bxb6 cxb6 15.
Nbd2 Nf4 16. Kh2 h6 17. Ng1 Ng4+ 18. hxg4 Qh4+ 19. Nh3 Bxg4 20. Nf3 Qh5 21. Kg1
Nxh3+ 22. Kf1 Nf4 23. Qd2 Bxf3 24. Kg1 Qg4 25. g3 Qh3 0-1

[Event "30.Schlosspark-Open"]
[Site "Wiesbaden-Biebrich"]
[Date "2018.08.24"]
[Round "2.70"]
[White "Hoffmann, Christian"]
[Black "Traut, Stefan"]
[Result "1-0"]
[WhiteElo "1859"]
[BlackElo "1627"]
[PlyCount "87"]
[EventDate "2018.??.??"]
[WhiteTeam "BKA Wiesbaden"]
[BlackTeam "SF Heusenstamm"]

1. e4 d5 2. exd5 Qxd5 3. Nc3 Qa5 4. d4 c6 5. Bd2 Bf5 6. Nf3 e6 7. Bc4 Qc7 8.
O-O Nf6 9. Re1 Be7 10. Ne2 O-O 11. Ng3 Bg6 12. Ne5 Nbd7 13. Nxg6 hxg6 14. Qf3
Rfe8 15. Rad1 Bd6 16. Bg5 Rac8 17. a3 a6 18. h3 Nh7 19. Bc1 Ndf6 20. b4 Nd5 21.
Ne4 Be7 22. Ba2 Nhf6 23. c4 Nxe4 24. Rxe4 Nf6 25. Re2 Rcd8 26. Bb2 Rd7 27. Rde1
Rdd8 28. g4 Qd7 29. Kg2 b5 30. g5 Nh5 31. h4 Qd6 32. Re5 Qd7 33. c5 Ra8 34.
Rxe6 Bf8 35. Rxe8 Rxe8 36. Rxe8 Qxe8 37. d5 cxd5 38. Bxd5 Qd7 39. Be5 Qe7 40.
Bh2 Qd7 41. c6 Qe7 42. c7 Qe8 43. c8=Q Qxc8 44. Qxf7+ 1-0

[Event "30.Schlosspark-Open"]
[Site "Wiesbaden-Biebrich"]
[Date "2018.08.24"]
[Round "2.71"]
[White "Goodwin, David"]
[Black "Launert, Martin"]
[Result "1-0"]
[WhiteElo "1539"]
[BlackElo "1859"]
[PlyCount "63"]
[EventDate "2018.??.??"]
[WhiteTeam "SV Kelsterbach"]
[BlackTeam "Sfr. Erbach"]

1. Nf3 Nf6 2. g3 g6 3. Bg2 Bg7 4. d3 d5 5. O-O O-O 6. Nbd2 c5 7. e4 e6 8. c3
dxe4 9. dxe4 Nc6 10. Re1 Qc7 11. Qc2 e5 12. a4 b6 13. b4 Qe7 14. Ba3 Nd7 15.
Rab1 Qe6 16. Ng5 Qf6 17. Ngf3 Re8 18. Nc4 Bf8 19. b5 Nd8 20. Bc1 Nb7 21. Bg5
Qe6 22. Qe2 Nd6 23. Nxd6 Qxd6 24. Bh3 h6 25. Rbd1 Qc7 26. Bc1 Nf6 27. Bxc8
Raxc8 28. Nh4 Rcd8 29. Qc4 Rxd1 30. Rxd1 Rd8 31. Re1 Qd6 32. Nxg6 1-0

[Event "30.Schlosspark-Open"]
[Site "Wiesbaden-Biebrich"]
[Date "2018.08.24"]
[Round "2.72"]
[White "Pauly, Markus"]
[Black "Lehmann, Wolfgang"]
[Result "1-0"]
[WhiteElo "1805"]
[BlackElo "1615"]
[PlyCount "67"]
[EventDate "2018.??.??"]
[WhiteTeam "Sfr. Erbach"]
[BlackTeam "Wiesbadener SV"]

1. c4 e5 2. Nc3 Nf6 3. Nf3 d6 4. d4 e4 5. Nd2 Bf5 6. e3 Be7 7. Be2 O-O 8. O-O
c6 9. f3 exf3 10. Bxf3 Bg6 11. e4 Nbd7 12. Re1 a6 13. Nf1 b5 14. e5 dxe5 15.
dxe5 Bc5+ 16. Kh1 Ne8 17. Bxc6 Ra7 18. cxb5 Bb4 19. Be3 Bxc3 20. bxc3 Rc7 21.
Bb6 Qb8 22. Bxc7 Qxc7 23. Qxd7 Qb6 24. Qd4 Qc7 25. c4 axb5 26. cxb5 Qc8 27.
Rac1 Nc7 28. a4 Ne6 29. Qd7 Qb8 30. Qb7 Qd8 31. Ng3 Qd4 32. a5 Nf4 33. Be4 Bxe4
34. Qxe4 $138 1-0

[Event "30.Schlosspark-Open"]
[Site "Wiesbaden-Biebrich"]
[Date "2018.08.24"]
[Round "2.73"]
[White "Martin, Lukas"]
[Black "Hipler, Andreas"]
[Result "0-1"]
[WhiteElo "1526"]
[BlackElo "1852"]
[PlyCount "48"]
[EventDate "2018.??.??"]
[WhiteTeam "SC Bad Soden"]
[BlackTeam "SK Gau-Algesheim"]

1. d4 Nf6 2. c4 e6 3. Nf3 b6 4. Nc3 Bb4 5. Bg5 h6 6. Bh4 Bb7 7. e3 O-O 8. Be2
d6 9. O-O Bxc3 10. bxc3 g5 11. Bg3 Ne4 12. Qc2 f5 13. Nd2 Qf6 14. Nxe4 Bxe4 15.
Bd3 Bxd3 16. Qxd3 f4 17. exf4 gxf4 18. Qe4 Nd7 19. Qc6 fxg3 20. Qxd7 Rf7 21.
Qc6 gxf2+ 22. Kh1 Raf8 23. Rab1 Qf5 24. Qf3 Qxb1 0-1

[Event "30.Schlosspark-Open"]
[Site "Wiesbaden-Biebrich"]
[Date "2018.08.24"]
[Round "2.74"]
[White "Brechlin, Olaf"]
[Black "Baumeister, Lutz"]
[Result "1-0"]
[WhiteElo "1849"]
[BlackElo "1593"]
[PlyCount "59"]
[EventDate "2018.??.??"]
[WhiteTeam "FVS ASP Hoyerswerda"]
[BlackTeam "Wiesbadener SV"]

1. Nc3 Nf6 2. e4 d6 3. f4 g6 4. Nf3 Bg7 5. Bc4 O-O 6. d3 Nc6 7. O-O Bg4 8. h3
Be6 9. Bxe6 fxe6 10. e5 Nd5 11. Ng5 Nxc3 12. bxc3 Qc8 13. d4 h6 14. Nf3 d5 15.
Nh4 Qe8 16. Qg4 Kh7 17. Qxe6 Qf7 18. Qxf7 Rxf7 19. Rb1 b6 20. g3 e6 21. Rf3 Na5
22. Be3 Nc4 23. Rbf1 Raf8 24. Bc1 h5 25. g4 hxg4 26. hxg4 Re8 27. Rh3 Bf8 28.
Kg2 Be7 29. Nf5+ Kg8 30. Nh6+ 1-0

[Event "30.Schlosspark-Open"]
[Site "Wiesbaden-Biebrich"]
[Date "2018.08.24"]
[Round "2.75"]
[White "Muenstermann, Matthias"]
[Black "Masoudi, Kian"]
[Result "1-0"]
[WhiteElo "1839"]
[BlackElo "1588"]
[PlyCount "93"]
[EventDate "2018.??.??"]
[WhiteTeam "SK Langen"]
[BlackTeam "SC Bergen-Enkheim"]

1. d4 d5 2. c4 e6 3. Nf3 Nf6 4. Bg5 Be7 5. e3 h6 6. Bh4 O-O 7. Bd3 dxc4 8. Bxc4
c5 9. O-O cxd4 10. Nxd4 Qb6 11. Qb3 Qxb3 12. Bxb3 Nbd7 13. Nc3 a6 14. Rac1 Nb6
15. Rfd1 e5 16. Nde2 Bg4 17. f3 Bh5 18. e4 Bc5+ 19. Bf2 Bxf2+ 20. Kxf2 Rfd8 21.
Ng3 Bg6 22. Nf1 Kh7 23. Ne3 Rd4 24. Ncd5 Rxd1 25. Nxf6+ gxf6 26. Rxd1 Rc8 27.
Rd6 Rc6 28. Rxc6 bxc6 29. Ke2 Kg7 30. Kd2 Kf8 31. Kc3 c5 32. Nd5 Nxd5+ 33. Bxd5
f5 34. Kc4 fxe4 35. Bxe4 f5 36. Bd3 e4 37. fxe4 fxe4 38. Be2 Be8 39. Kxc5 Ke7
40. Bxa6 Kf6 41. Kd4 Kf5 42. g3 Bc6 43. b4 Kg4 44. b5 Ba8 45. b6 Kf3 46. b7
Bxb7 47. Bxb7 1-0

[Event "30.Schlosspark-Open"]
[Site "Wiesbaden-Biebrich"]
[Date "2018.08.24"]
[Round "2.76"]
[White "Gerber, Ingo"]
[Black "Rowland, Anthony"]
[Result "1-0"]
[WhiteElo "1516"]
[BlackElo "1832"]
[PlyCount "123"]
[EventDate "2018.??.??"]
[WhiteTeam "SF Mainz"]
[BlackTeam "SC Taunusstein"]

1. d4 Nf6 2. Bf4 d5 3. Nf3 c5 4. c3 Nc6 5. e3 e6 6. Bb5 Bd7 7. Qc1 a6 8. Ba4 b5
9. Bc2 Be7 10. h3 O-O 11. Nbd2 Rc8 12. Qb1 cxd4 13. exd4 h6 14. a3 Nh7 15. Bh2
Nf6 16. O-O Be8 17. Re1 Bd6 18. Ne5 Bxe5 19. dxe5 Nd7 20. Nf3 Nb6 21. Bh7+ Kh8
22. Bd3 Qc7 23. Qd1 Nc4 24. Bxc4 bxc4 25. Nd4 Rb8 26. Rb1 Na5 27. Nf5 exf5 28.
e6 f4 29. e7 Rg8 30. Qxd5 Rb5 31. Qd8 Qc6 32. Bxf4 Bd7 33. Rbd1 Be8 34. Rd6 Qb7
35. a4 Rf5 36. Rb6 Qd7 37. Be5 Nc6 38. Bc7 Rd5 39. Qxd7 Bxd7 40. Rxa6 Re8 41.
a5 Rxe7 42. Ra8+ Kh7 43. Rxe7 Nxe7 44. a6 Rc5 45. Bd6 Rc8 46. Ra7 Bxh3 47. Rxe7
Be6 48. a7 Bd5 49. Bb8 Kg8 50. f3 Kf8 51. Re5 Ba8 52. Kf2 f6 53. Re4 Kf7 54.
Rd4 Ke6 55. Rd6+ Ke7 56. g4 Rc5 57. Rd2 Ke6 58. Kg3 Rc6 59. f4 g6 60. Rd4 f5
61. Rd8 Ke7 62. Rh8 1-0

[Event "30.Schlosspark-Open"]
[Site "Wiesbaden-Biebrich"]
[Date "2018.08.24"]
[Round "2.77"]
[White "Reinisch, Markus"]
[Black "Kuenne, Lutz"]
[Result "1-0"]
[WhiteElo "1829"]
[BlackElo "1549"]
[PlyCount "75"]
[EventDate "2018.??.??"]
[WhiteTeam "Wiesbadener SV"]
[BlackTeam "KC Jena"]

1. d4 Nf6 2. c4 c6 3. Nc3 d5 4. e3 Bf5 5. Nf3 e6 6. a3 Bd6 7. c5 Bc7 8. Be2
Nbd7 9. b4 Ne4 10. Nxe4 Bxe4 11. Bd3 Nf6 12. Bb2 h6 13. Qe2 Bxd3 14. Qxd3 Ne4
15. Nd2 Nf6 16. f3 O-O 17. O-O a6 18. Rae1 Qe7 19. e4 Bf4 20. Rf2 Bxd2 21. Rxd2
Rad8 22. Qe2 Ne8 23. Rdd1 Nc7 24. a4 Qd7 25. Bc1 b5 26. cxb6 Na8 27. a5 Qb7 28.
Bf4 f6 29. Qb2 Qe7 30. Rc1 Qe8 31. Rc5 dxe4 32. fxe4 Qd7 33. Be3 Qf7 34. Rec1
Rc8 35. Qc3 Qe8 36. Rxc6 Rxc6 37. Qxc6 Qxc6 38. Rxc6 1-0

[Event "30.Schlosspark-Open"]
[Site "Wiesbaden-Biebrich"]
[Date "2018.08.24"]
[Round "2.78"]
[White "Scheve, Pierre"]
[Black "Bolduan, Michael"]
[Result "1/2-1/2"]
[WhiteElo "1503"]
[BlackElo "1827"]
[PlyCount "44"]
[EventDate "2018.??.??"]
[WhiteTeam "TuS Dotzheim"]
[BlackTeam "SC Taunusstein"]

1. c4 f5 2. g3 Nf6 3. Bg2 e6 4. d3 d5 5. cxd5 exd5 6. Nf3 Bd6 7. O-O O-O 8. e3
Nbd7 9. b3 Qe7 10. Bb2 c6 11. Nc3 Ne5 12. Ne2 Bd7 13. Qd2 Rae8 14. Nf4 Nf7 15.
Rfe1 Bb4 16. Bc3 Bxc3 17. Qxc3 g5 18. Ne2 Ng4 19. h3 Nge5 20. Nxe5 Qxe5 21.
Qxe5 Nxe5 22. Rad1 Ng6 1/2-1/2

[Event "30.Schlosspark-Open"]
[Site "Wiesbaden-Biebrich"]
[Date "2018.08.24"]
[Round "2.79"]
[White "Froehlich-Dill, Astrid"]
[Black "Witt, Alexander"]
[Result "1-0"]
[WhiteElo "1824"]
[BlackElo "1535"]
[PlyCount "115"]
[EventDate "2018.??.??"]
[WhiteTeam "SV Hofheim"]
[BlackTeam "Vorw.Orient Mainz"]

1. d4 d5 2. Nf3 Nf6 3. Bf4 g6 4. e3 Nbd7 5. h3 Bg7 6. c4 O-O 7. Nc3 c6 8. Bd3
dxc4 9. Bxc4 Nb6 10. Bb3 Nbd5 11. Be5 Qa5 12. Rc1 Ne4 13. Bxg7 Kxg7 14. O-O
Ndxc3 15. bxc3 f6 16. Qc2 Nd6 17. e4 b6 18. Rfe1 Qh5 19. Re3 Bd7 20. Rce1 Rae8
21. Nh2 e5 22. Qd2 Nf7 23. Bd1 Qh6 24. Ng4 Qg5 25. dxe5 Bxg4 26. exf6+ Qxf6 27.
Bxg4 Ne5 28. R3e2 Re7 29. Qe3 h5 30. Bf3 Ref7 31. Rd1 Nxf3+ 32. gxf3 Qxf3 33.
Qxf3 Rxf3 34. Rd7+ R8f7 35. Rxf7+ Kxf7 36. Rc2 Rxh3 37. Kg2 Rd3 38. f3 g5 39.
Kf2 Ke6 40. Ke2 Rd7 41. Ke3 Ke5 42. a4 h4 43. c4 h3 44. Rh2 Rh7 45. Kf2 Kf4 46.
Rh1 a6 47. Rb1 b5 48. cxb5 cxb5 49. axb5 axb5 50. Rxb5 Rf7 51. Kg1 Kxf3 52.
Rf5+ Rxf5 53. exf5 g4 54. f6 g3 55. f7 g2 56. f8=Q+ Kg3 57. Qf2+ Kg4 58. Kh2
1-0

[Event "30.Schlosspark-Open"]
[Site "Wiesbaden-Biebrich"]
[Date "2018.08.24"]
[Round "2.80"]
[White "Miranda Martin, Pablo Mateo"]
[Black "Kiechl, Stefan"]
[Result "0-1"]
[WhiteElo "1494"]
[BlackElo "1817"]
[PlyCount "90"]
[EventDate "2018.??.??"]
[WhiteTeam "SV Walldorf"]
[BlackTeam "SK Kriegshaber"]

1. e4 d6 2. d4 Nf6 3. Nc3 e5 4. dxe5 dxe5 5. Qxd8+ Kxd8 6. Bg5 Be6 7. Bd3 Nbd7
8. Nf3 Bd6 9. Bb5 c6 10. O-O-O Kc7 11. Ba4 Nc5 12. Rhe1 Nxa4 13. Nxa4 Nd7 14.
Nc3 f6 15. Bh4 Bb4 16. Re3 Nb6 17. a3 Bc5 18. Re2 Rhe8 19. Red2 Nc4 20. Rd3 b5
21. Nd2 Nb6 22. Nb3 Be7 23. Rg3 g5 24. Na2 a5 25. Kb1 Rg8 26. Re3 gxh4 27. g3
a4 28. Nbc1 Nc4 29. Red3 hxg3 30. hxg3 Rad8 31. Rh1 Rh8 32. Rh6 Rxd3 33. cxd3
Nd6 34. Nb4 Nf7 35. Rh2 Bxb4 36. axb4 h5 37. Ne2 Bg4 38. f4 Bxe2 39. Rxe2 exf4
40. Rf2 fxg3 41. Rxf6 Ne5 42. Rf1 Nxd3 43. Kc2 Ne5 44. Kd1 h4 45. Ke2 h3 0-1

[Event "30.Schlosspark-Open"]
[Site "Wiesbaden-Biebrich"]
[Date "2018.08.24"]
[Round "2.81"]
[White "Koerbel, Ekkehard"]
[Black "Roth, Michael"]
[Result "1-0"]
[WhiteElo "1810"]
[BlackElo "1522"]
[PlyCount "63"]
[EventDate "2018.??.??"]
[WhiteTeam "SK Geisenheim"]
[BlackTeam "SC Lerchenberg/ZMO"]

1. e4 e5 2. Nf3 Bc5 3. Nxe5 d5 4. d4 Bb6 5. exd5 Qxd5 6. Qf3 Qe6 7. Bc4 Qf6 8.
Nxf7 Qxd4 9. Qe2+ Kf8 10. O-O Nf6 11. Rd1 Bg4 12. Rxd4 Bxe2 13. Rd8+ Ne8 14.
Bb3 c5 15. Rd2 c4 16. Nxh8 cxb3 17. Rxe2 Nc6 18. Be3 Rd8 19. Nc3 Nb4 20. axb3
Bxe3 21. fxe3 Kg8 22. Rf1 Nf6 23. Ref2 Kxh8 24. Ne4 Nd7 25. Rd2 Nc6 26. Rf7
Nce5 27. Re7 h6 28. Rxe5 Rc8 29. Rxd7 Rxc2 30. Nf6 Rc1+ 31. Kf2 Rc8 32. Re8+
1-0

[Event "30.Schlosspark-Open"]
[Site "Wiesbaden-Biebrich"]
[Date "2018.08.24"]
[Round "2.82"]
[White "Weiland, Thomas"]
[Black "Busch, Guenther"]
[Result "1/2-1/2"]
[WhiteElo "1804"]
[BlackElo "1509"]
[PlyCount "56"]
[EventDate "2018.??.??"]
[WhiteTeam "SV Oberursel"]
[BlackTeam "FC Bierstadt"]

1. c4 d6 2. d4 g6 3. Nc3 Bg7 4. Nf3 Nd7 5. g3 b6 6. Bg2 Bb7 7. O-O e6 8. e4 Ne7
9. Re1 O-O 10. Rb1 a6 11. a3 c5 12. d5 e5 13. Bd2 h6 14. Qc1 Kh7 15. Nh4 Nf6
16. h3 Bc8 17. Nf3 Nfg8 18. g4 f5 19. exf5 gxf5 20. g5 f4 21. Ne4 Ng6 22. h4
Bg4 23. gxh6 Bxh6 24. Nfg5+ Kh8 25. Bf3 Bf5 26. Qc3 Nf6 27. Rbd1 Nxe4 28. Bxe4
Bxg5 1/2-1/2

[Event "30.Schlosspark-Open"]
[Site "Wiesbaden-Biebrich"]
[Date "2018.08.24"]
[Round "2.85"]
[White "Wunschik, Joachim"]
[Black "Hedrich, Gerd"]
[Result "1-0"]
[WhiteElo "1793"]
[BlackElo "1497"]
[PlyCount "49"]
[EventDate "2018.??.??"]
[WhiteTeam "SV Ruesselsheim"]
[BlackTeam "Wiesbadener SV"]

1. d4 Nf6 2. c4 e6 3. Nc3 c6 4. e4 Bb4 5. Bd3 d5 6. cxd5 exd5 7. e5 Ne4 8. Nge2
O-O 9. O-O Bxc3 10. bxc3 f6 11. f3 Ng5 12. Ng3 fxe5 13. dxe5 Be6 14. f4 Nf7 15.
Qh5 Nh6 16. f5 Bf7 17. Qh3 Be8 18. Bxh6 gxh6 19. Qxh6 Qb6+ 20. Kh1 c5 21. e6
Nd7 22. f6 Nxf6 23. Rxf6 Rxf6 24. Qxf6 Rc8 25. Rf1 1-0

[Event "30.Schlosspark-Open"]
[Site "Wiesbaden-Biebrich"]
[Date "2018.08.24"]
[Round "2.86"]
[White "Sturm, Holger"]
[Black "Zeyen, Helmut"]
[Result "0-1"]
[WhiteElo "1117"]
[BlackElo "1785"]
[PlyCount "24"]
[EventDate "2018.??.??"]
[WhiteTeam "Schierstein"]
[BlackTeam "Wiesbadener SV"]

1. d4 d5 2. c4 Nc6 3. Nf3 e5 4. dxe5 Bb4+ 5. Nc3 d4 6. Nxd4 Qxd4 7. Qxd4 Nxd4
8. Kd1 Bf5 9. e4 Bg4+ 10. Be2 Nxe2 11. Nxe2 O-O-O+ 12. Kc2 Bxe2 0-1